| 000 -LEADER |
| fixed length control field |
00527cam a22001337a 4500 |
| 008 - FIXED-LENGTH DATA ELEMENTS--GENERAL INFORMATION |
| fixed length control field |
180718b1957 xxu||||| |||| 00| 0 eng d |
| 082 ## - DEWEY DECIMAL CLASSIFICATION NUMBER |
| Classification number |
A6x561 G351 |
| 100 ## - MAIN ENTRY--PERSONAL NAME |
| Personal name |
Gibb, H.A.R. |
| 245 ## - TITLE STATEMENT |
| Title |
Islamic society and the West: a study of the impact of Western civilization on Moslem culture in thr near East. |
| Statement of responsibility, etc. |
by H.A.R. Gibb and Harold Bowen |
| 260 ## - PUBLICATION, DISTRIBUTION, ETC. |
| Place of publication, distribution, etc. |
London |
| Name of publisher, distributor, etc. |
Oxford University Press |
| Date of publication, distribution, etc. |
1957 |
| 300 ## - PHYSICAL DESCRIPTION |
| Extent |
v1. 285p |
| 500 ## - GENERAL NOTE |
| General note |
v1: Islamic society in the eighteenth century. |
| 650 ## - SUBJECT ADDED ENTRY--TOPICAL TERM |
| Topical term or geographic name entry element |
Civilization, Islamic -Western influences |